| 000 | 00722cam a2200205 a 4500 | ||
|---|---|---|---|
| 001 | 000019724 | ||
| 005 | 20260114102846.0 | ||
| 008 | 100705s1974 mx a 000 0 spa d | ||
| 040 |
_aDO-SdBNP _bspa _cBNPHU |
||
| 082 |
_a150.194 _bR485t, 1974 |
||
| 100 | 1 |
_aRibes Iñesta, Emilio, _915106 |
|
| 245 | 1 | 0 |
_aTécnicas de modificación de conducta : _bsu aplicación al retardo en el desarrollo / _cEmilio Ribes Iñesta. |
| 250 | _a2a ed. | ||
| 260 |
_aMéxico : _bBiblioteca Técnica de Psicología, _c1974. |
||
| 300 |
_a262 p. : _bil. ; _c21 cm. |
||
| 504 | _aIncluye referencias bibliográficas y notas al pie de las páginas. | ||
| 650 | 0 |
_aConducta (Psicología) _9673 |
|
| 650 | 4 |
_aCreatividad _942183 |
|
| 049 | _aBNGR | ||
| 999 |
_c19238 _d19238 |
||